| 000 | 01254nam a2200349Ia 4500 | ||
|---|---|---|---|
| 001 | Z_6608 | ||
| 003 | CHAP | ||
| 008 | 220113s9999 xx 000 0 und d | ||
| 010 | _a169879 | ||
| 020 | _a978-84-15876-16-8 | ||
| 040 | _cCHAP | ||
| 082 | _a636.08901 S25 | ||
| 100 |
_aSalazar Beloqui, Ignacio _9145349 |
||
| 245 |
_aEmbriología veterinaria : constitución y organización de la forma animal durante el desarrollo / _cIgnacio Salazar Beloqui |
||
| 260 |
_aEspaña : _bUniversidade de Santiago de Compostela, Servizo de Publicacións e Intercambio Científico, _c |
||
| 300 | _a281 p. | ||
| 500 | _aDiseño de cubierta de CD: Ildefonso Vidal Ocampo \ El contenido del CD consiste en dos vídeos y un conjunto de 56 imágenes. | ||
| 503 | _aej.1: consumo | ||
| 504 | _aBibliografía: p. 271 - 272, Incluye índice | ||
| 650 |
_aAnimales _x _x Anantomía y Fisiología _9143816 |
||
| 650 |
_aAnimales _x _x Reproducción _9145350 |
||
| 650 |
_aEmbriología veterinaria _9145351 |
||
| 650 |
_aEmbrión (Animal) _9145352 |
||
| 650 |
_aEstructuras embrionarias _9145353 |
||
| 650 |
_aMorfología _x _x AnimaL _9145354 |
||
| 901 | _a636.08901 S25 | ||
| 902 | _aM | ||
| 910 | _a | ||
| 942 | _c1 | ||
| 942 | _cc1 | ||
| 999 |
_c169879 _d169879 |
||